Normal view
MARC view
- Object-oriented programming (Computer science)
Entry Topical Term
001 - CONTROL NUMBER
- control field: 89100
003 - CONTROL NUMBER IDENTIFIER
- control field: NUST
005 - DATE AND TIME OF LATEST TRANSACTION
- control field: 20220217114631.0
008 - FIXED-LENGTH DATA ELEMENTS
- fixed length control field: 220217|| aca||aabn | a|a d
040 ## - CATALOGING SOURCE
- Original cataloging agency: NUST
- Transcribing agency: NUST
150 ## - HEADING--TOPICAL TERM
- Topical term or geographic name entry element: Object-oriented programming (Computer science)
670 ## - SOURCE DATA FOUND
- Source citation: Work cat.: (NUST)0: Lutz, Mark, author. 89098, Learning Python /
